Life after life (Record no. 33225)

MARC details
000 -LEADER
fixed length control field 00252nam a2200109Ia 4500
082 ## - DEWEY DECIMAL CLASSIFICATION NUMBER
Classification number 159.9
Item number MOO
100 ## - MAIN ENTRY--AUTHOR NAME
Personal name Moody, R A
245 #0 - TITLE STATEMENT
Title Life after life
260 ## - PUBLICATION, DISTRIBUTION, ETC. (IMPRINT)
Place of publication New york
Name of publisher Bantam
Year of publication 1977
942 ## - ADDED ENTRY ELEMENTS (KOHA)
Koha item type Books
Holdings
Withdrawn status Lost status Damaged status Not for loan Home library Current library Date acquired Full call number Accession Number Koha item type
        RRII Library RRII Library 16/12/2021 159.9 MOO 13726 Books